MARC details
| 000 -CABECERA |
| campo de control de longitud fija |
00958nam a2200241 a 4500 |
| 003 - IDENTIFICADOR DEL NÚMERO DE CONTROL |
| campo de control |
DO-SdBNP |
| 005 - FECHA Y HORA DE LA ÚLTIMA TRANSACCIÓN |
| campo de control |
20240305081628.0 |
| 007 - CAMPO FIJO DE DESCRIPCIÓN FÍSICA--INFORMACIÓN GENERAL |
| campo de control de longitud fija |
ta |
| 008 - DATOS DE LONGITUD FIJA--INFORMACIÓN GENERAL |
| campo de control de longitud fija |
221024e2015 dr aoc|gr|||| 00| 0dspa d |
| 040 ## - FUENTE DE LA CATALOGACIÓN |
| Centro catalogador/agencia de origen |
DO-SdBNP |
| Lengua de catalogación |
spa |
| Centro/agencia transcriptor |
BNPHU |
| 082 #4 - NÚMERO DE LA CLASIFICACIÓN DECIMAL DEWEY |
| Número de edición |
22 |
| Número de documento/Ítem |
I24d |
| 110 2# - ENTRADA PRINCIPAL--NOMBRE DE ENTIDAD CORPORATIVA |
| 9 (RLIN) |
56168 |
| Nombre de entidad corporativa o nombre de jurisdicción como elemento de entrada |
Iglesia Católica. |
| Unidad subordinada |
Aquidiósesis de Santo Domingo |
| 245 10 - MENCIÓN DE TÍTULO |
| Título |
Diócesis de la Vega 2015: |
| Resto del título |
"tú eres sacerdote para siempre (Salmos 109)". / |
| Mención de responsabilidad, etc. |
Fotografías, Ramón Frías, Fabriel Polanco y Juan B. Peña |
| 260 ## - PUBLICACIÓN, DISTRIBUCIÓN, ETC. |
| Lugar de publicación, distribución, etc. |
Santo Cerro La Vega, República Dominicana: |
| Nombre del editor, distribuidor, etc. |
Frias Editores, |
| Fecha de publicación, distribución, etc. |
2015 |
| 300 ## - DESCRIPCIÓN FÍSICA |
| Extensión |
51 p. : |
| Otras características físicas |
il., fotogr., mapas, retr. ; |
| Dimensiones |
28 cm. |
| 500 ## - NOTA GENERAL |
| Nota general |
Incluye datos biográficos de Monseñor Héctor Rodríguez Rodríguez, p.4. y otros |
| 590 ## - NOTA LOCAL (RLIN) |
| Nota local |
Inventariado 2022 / MFeliz |
| 700 1# - PUNTO DE ACCESO ADICIONAL--NOMBRE DE PERSONA |
| Nombre de persona |
Frías López, José Ramón |
| Término indicativo de función/relación |
fotogr. |
| 9 (RLIN) |
79820 |
| 700 1# - PUNTO DE ACCESO ADICIONAL--NOMBRE DE PERSONA |
| Nombre de persona |
Polanco, Fabriel |
| Término indicativo de función/relación |
fotogr. |
| 9 (RLIN) |
82578 |
| 700 1# - PUNTO DE ACCESO ADICIONAL--NOMBRE DE PERSONA |
| 9 (RLIN) |
41704 |
| Nombre de persona |
Peña, Juan B. |
| Término indicativo de función/relación |
fotogr. |
| 910 ## - DATOS DE OPCIÓN DEL USUARIO (OCLC) |
| Datos de opción del usuario |
MFeliz |
| 942 ## - ELEMENTOS DE PUNTO DE ACCESO ADICIONAL (KOHA) |
| Fuente del sistema de clasificación o colocación |
Dewey Decimal Classification |
| Tipo de ítem Koha |
Libro |